000 00559nam a22002057a 4500
003 OSt
005 20220107122728.0
008 140103b xxu||||| |||| 00| 0 eng d
020 _a9788132110316
040 _cIIITM-K
082 _a658.4012 CLE/S
100 _aClegg, Stewart et.al
_92747
245 _aStrategy:
_bTheory and practice
_cby Stewart Clegg et.al
260 _aNew Delhi,
_bSage,
_c2011.
300 _axviii, 460p.
650 _aMANAGEMENT
_92748
650 _aSTRATEGIC MANAGEMENT
_92749
650 _aDECISION MAKING
_92750
942 _2ddc
_cBK
999 _c3485
_d3485